| 000 | 00898nam a22002897a 4500 | ||
|---|---|---|---|
| 001 | BR9404941 | ||
| 003 | BR-BrBNA | ||
| 005 | 20230928094254.0 | ||
| 007 | ta | ||
| 008 | 230509b bl.||||| |||| 00| 0 por d | ||
| 040 |
_aBR-BrBNA _bpor _cBiblioteca Nacional de Agricultura |
||
| 041 | _a(Por) | ||
| 072 | _aE13 | ||
| 090 | _ E13 BR9404941 | ||
| 100 | 1 | _aCaron, P. | |
| 100 | 1 | _aSilva, P.C.G. da | |
| 110 | 1 | _aCentro de Pesquisa Agropecuaria do Tropico Semi-Arido, Petrolina, PE (Brasil) | |
| 245 | 1 |
_aPequena producao e desenvolvimento sustentavel no Tropico Semi-Arido: a necessidade de um sistema de credito adaptado _bEstudo especial |
|
| 260 | 3 |
_aPetrolina, PE (Brasil): _c1991. |
|
| 300 | _a9 p. | ||
| 500 | _a8 ref.; Summary (Por) | ||
| 650 | _aPequeno Produtor | ||
| 650 | _aCredito Rural | ||
| 650 | _aFinanciamento | ||
| 909 |
_a202309 _bLucia _c55 _dLucia Elande |
||
| 942 | _cBK | ||
| 999 |
_c49778 _d49778 |
||